| 000 -LEADER |
| fixed length control field |
00399cam a22001217a 4500 |
| 008 - FIXED-LENGTH DATA ELEMENTS--GENERAL INFORMATION |
| fixed length control field |
180718b2008 xxu||||| |||| 00| 0 eng d |
| 082 ## - DEWEY DECIMAL CLASSIFICATION NUMBER |
| Classification number |
A6x54 B469 |
| 245 ## - TITLE STATEMENT |
| Title |
A quarter century of service to India |
| Statement of responsibility, etc. |
edited by D.N. Bhalla...[et.al.] |
| 260 ## - PUBLICATION, DISTRIBUTION, ETC. |
| Place of publication, distribution, etc. |
Netherlands |
| Name of publisher, distributor, etc. |
Foundation for Critical Choices for India |
| Date of publication, distribution, etc. |
2008 |
| 300 ## - PHYSICAL DESCRIPTION |
| Extent |
399p. |
| 650 ## - SUBJECT ADDED ENTRY--TOPICAL TERM |
| Topical term or geographic name entry element |
Socio-Economic Changes --India |
| 700 ## - ADDED ENTRY--PERSONAL NAME |
| Personal name |
Bhalla, D.N. |